Strenges Brot Gedichte

Bibliographic Details
Main Author: Rúfus, Milan, 1928-2009 (Author)
Other Authors: Jähnichen, Manfred, 1933-2019 (Author of introduction, etc.), Grüning, Uwe 1942- (Translator), Pietrass, Richard, 1946- (Translator), Kállay, Dušan, 1948- (Illustrator, Author of afterword, colophon, etc.)
Format: Book
Language:German
Slovak
PhysicalDescription:135 strán ilustrácie 22 cm
Published: Blieskastel Gollenstein 1998
ISBN:3930008858
Series:Vers-Zeit bei Gollenstein - Dichter Europas
Subjects:

MARC

LEADER 00000cam a2200000 a 4500
001 vtls001335304
003 SK-MaSNL
005 20260301114449.0
008 240709s1998 gw a gr 0000p ger
015 |a SNBZSA1998-00267 
020 |a 3930008858 
035 |a SNK000288273 
035 |a urn:nbn:sk:snk-amkhwa 
035 |a urn:nbn:sk:snk-am008gta 
035 |a 8FE86FE0-6836-410D-A558-C1A7B74F5A50 
040 |a SNK  |b slo  |c SNK  |e AACR2 
041 1 |a ger  |h slo 
044 |a gw  |c DE 
072 7 |a 821.162.4-1  |x Slovenská poézia  |2 konspekt 
080 |a 885.4-1=30  |2 1981 
080 |a 821.162.4-1  |2 2011 
100 1 |a Rúfus, Milan,  |d 1928-2009  |4 aut  |9 108568 
245 1 0 |a Strenges Brot  |b Gedichte  |c Milan Rúfus ; Nachdichtungen aus dem Slowakischen von Uwe Grüning und Richard Pietraß ; mit einem Nachwort von Manfred Jähnichen und Illustrationen von Dušan Kállay 
260 |a Blieskastel  |b Gollenstein  |c 1998 
300 |a 135 strán  |b ilustrácie  |c 22 cm 
490 1 |a Vers-Zeit bei Gollenstein - Dichter Europas  |v 1. Bd. 
655 7 |a slovenská poézia  |2 SNKPH  |9 70444 
700 1 |a Jähnichen, Manfred,  |d 1933-2019  |4 aui  |9 244808 
700 1 |a Grüning, Uwe  |d 1942-  |4 trl  |9 457974 
700 1 |a Pietrass, Richard,  |d 1946-  |4 trl  |9 457975 
700 1 |a Kállay, Dušan,  |d 1948-  |4 ill  |4 aft  |9 93799 
830 0 |a Vers-Zeit bei Gollenstein - Dichter Europas  |9 457976 
852 |a Slovenská národná knižnica 
919 |a 3-930008-85-8 
954 |a beletria pôvodná (slovenská)  |2 lita 
958 |a ZS 
958 |a TL 
958 |a LX 
958 |a UP 
968 |a Dt  |b SLO 
999 |c 718487  |d 720417 
952 |t P60, <03>, [BOOK], {603}  |a SNK  |b SNK  |y PREZ  |7 0  |p 17A0141239  |o snkSC 96190  |i snkV 810/98  |0 0  |1 0  |4 0  |d 1998-06-25  |f 1  |l 0  |r 2025-09-16 00:00:00  |w 2026-02-23 
952 |t P60, <04>, [BOOK], {604}  |a SNK  |b SNK  |y VYP  |7 0  |p 17A0153110  |o snkSC 96190 D1  |i snkV 985/98  |0 0  |1 0  |4 0  |d 1998-09-10  |l 0  |r 2005-01-02 00:00:00  |w 2026-02-23